It looks like you're offline.
Open Library logo
additional options menu

MARC record from Internet Archive

LEADER: 01015 am 2200289 a 4500
007 cr
008 890209s1874 gw s 00 | ger
035 $a(UkLW)b28081948
091 $aK943 (Shelfmark)
091 $aXQD (NLM broadly classified)
100 1 $aGroth, P.$q(Paul),$d1843-1927.
245 10 $aTabellarische ©bersicht der einfachen Mineralien :$bnach ihren krystallographisch-chemischen Beziehungen /$cgeordnet von P. Groth.
260 $aBraunschweig :$bF. Vieweg und sohn,$c1874.
300 $axx, 120 pages, 1 unnumbered page ;$c22 cm.
336 $atext$btxt$2rdacontent.
337 $acomputer$bc$2rdamedia.
338 $aonline resource$bcr$2rdacarrier.
500 $aSpine title: Mineralien.
500 $aIncludes index.
650 2 $aMinerals.
655 0 $aElectronic books.
759 $adig19th.
759 $adigukmhl.
776 1 $iPrint version:$tTabellarische łbersicht der einfachen Mineralien$w(UkLW)b10896624.
907 $a.b28081948
907 $a.b28081948
945 $aK943